The poems of John Donne
Uloženo v:
| Hlavní autor: | |
|---|---|
| Médium: | Kniha |
| Jazyk: | angličtina |
| Vydáno: |
Londres
Oxford University Press
1912
|
| Témata: | |
| Tagy: |
Přidat tag
Žádné tagy, Buďte první, kdo vytvoří štítek k tomuto záznamu!
|
MARC
| LEADER | 00000nam a2200000 a 4500 | ||
|---|---|---|---|
| 001 | UCQ2845 | ||
| 003 | CL-VaPUC | ||
| 008 | 980731e19120000UK |||||||||||||||||eng|d | ||
| 082 | 0 | 4 | |a 821 |b DON |2 21 |
| 100 | |a Donne, John |e author |9 265748 | ||
| 245 | 1 | 4 | |a The poems of John Donne |
| 300 | |a v | ||
| 942 | |c BK | ||
| 945 | |d 19980731 00:00:00 |a lriquelm | ||
| 260 | |a Londres |b Oxford University Press |c 1912 | ||
| 500 | |a v.2: Introduction and commentary | ||
| 650 | 0 | |a Poesías inglesas |9 265094 | |
| 650 | 0 | |a Literatura inglesa |9 312907 | |
| 583 | |a last modification |c 19980731 00:00:00 |k Rodrigo Vera | ||
| 999 | |c 273608 |d 273606 | ||
| 952 | |0 0 |1 0 |4 0 |6 821_000000000000000_DON_1912 |7 0 |8 A |9 309362 |a BIBEDU |b BIBEDU |d 2019-11-20 |h v.2 |i 311726K |o 821 DON 1912 |p 311726K |r 2019-11-20 |w 2019-11-20 |y BK |k LIT | ||